[Event "Mechanics' Spring TNM; G/2"]
[Site "San Francisco"]
[Date "2015.04.28"]
[Round "7.23"]
[White "Simpkins, Jerry"]
[Black "Nelson, Christopher"]
[Result "0-1"]
[WhiteElo "1478"]
[BlackElo "1665"]
[PlyCount "76"]
[EventDate "2015.??.??"]

1. e4 e6 2. f4 d5 3. e5 c5 4. c3 Nc6 5. Nf3 Qb6 6. d4 Nh6 7. Bd3 cxd4 8. cxd4
Nf5 9. Bxf5 exf5 10. Nc3 Be6 11. Rb1 Bb4 12. Be3 h6 13. O-O Qd8 14. a3 Be7 15.
Qe2 Rc8 16. Rfc1 O-O 17. Na4 Na5 18. Rxc8 Qxc8 19. Rc1 Qd7 20. Nc5 Bxc5 21.
dxc5 Rc8 22. Bd2 Nb3 23. Rc3 Nxc5 24. Qf2 Ne4 25. Rxc8+ Qxc8 26. Qxa7 Nxd2 27.
Nxd2 Qc1+ 28. Nf1 Qxb2 29. Ng3 Qc1+ 30. Nf1 Qxf4 31. Qb8+ Kh7 32. g3 Qd4+ 33.
Kg2 Qb2+ 34. Kg1 Qxa3 35. Qxb7 Qc5+ 36. Kg2 d4 37. Qb1 Qxe5 38. Nd2 Qe2+ 0-1

[Event "Mechanics' Summer TNM; G/2"]
[Site "San Francisco"]
[Date "2015.06.30"]
[Round "6.30"]
[White "Simpkins, Jerry"]
[Black "Sherwood, Peter"]
[Result "0-1"]
[WhiteElo "1504"]
[BlackElo "1698"]
[Annotator "Sherwood"]
[PlyCount "82"]
[EventDate "2015.??.??"]

1. e4 c5 2. f4 d5 3. e5 Nc6 4. c3 Bf5 5. Nf3 e6 6. d4 Be7 7. Bd3 Bxd3 8. Qxd3
Nh6 9. O-O Qb6 10. Kh1 Rc8 11. Na3 cxd4 12. cxd4 Nf5 13. Nc2 Nb4 14. Nxb4 Bxb4
15. g4 Nh6 16. h3 Be7 17. Rb1 f6 $6 18. Be3 O-O 19. f5 Nf7 20. Nh2 $6 {
W started to move Nh4, but decided not to} fxe5 $17 21. dxe5 Qc6 (21... Nxe5 $5
22. Qe2 (22. Qd2 $2 Nc4 $19) (22. Qd4 Qxd4 23. Bxd4 Nc6 24. Rbd1 Nxd4 25. Rxd4
Rc2 $19) (22. Bxb6 Nxd3 23. Bxa7 e5 $19) 22... d4 23. Bf4 Qc6+ 24. Kg1 Nc4 25.
Qxe6+ Qxe6 26. fxe6 Rc6 $17) 22. Bd4 Ng5 23. Kg2 Qc2+ 24. Qxc2 Rxc2+ 25. Rf2
Rxf2+ 26. Bxf2 b6 27. Rc1 exf5 28. Rc7 Bd8 29. Rd7 Ne6 30. Bg3 (30. Rxd5 $4
Nf4+) 30... d4 31. Bf2 d3 32. Kf1 $6 (32. Rxd3 $4 Nf4+) (32. gxf5 Rxf5 33. Bg3
Bc7 34. Nf3 $11) 32... Nf4 ({the correct move order was} 32... fxg4 33. Nxg4 h5
34. Ne3 Nf4) 33. h4 $6 ({Now White can escape by} 33. gxf5 Nxh3 34. Nf3) 33...
fxg4 34. Nxg4 h5 35. Ne3 ({A better try was} 35. Nh2 Nh3 36. Nf3 Rxf3 37. Rxd8+
Kf7 38. Kg2 Rxf2+ 39. Kxh3 Rxb2 40. Rxd3 Rxa2 41. Rd7+ Ke6 42. Rxg7 Kxe5 $19)
35... Nh3 36. Nd1 Bxh4 37. e6 Nxf2 38. Nxf2 (38. e7 Bxe7 $1 39. Nxf2 (39. Rxe7
Nxd1+ 40. Ke1 Nxb2 $19) 39... Bh4 40. Rxd3 Rxf2+ 41. Kg1 Rxb2 $19) 38... Rxf2+
39. Kg1 Re2 (39... d2 $1 $19 40. e7 d1=Q+ 41. Rxd1 Kf7) 40. Rxd3 Rxe6 41. Rh3 (
41. Rd7 a5) 41... g5 0-1

[Event "Mechanics' Spring TNM; G/2"]
[Site "San Francisco"]
[Date "2015.03.24"]
[Round "2.29"]
[White "Simpkins, Jerry"]
[Black "Starr, Albert"]
[Result "1-0"]
[WhiteElo "1478"]
[BlackElo "1628"]
[PlyCount "75"]
[EventDate "2015.??.??"]

1. e4 e5 2. Nf3 Nf6 3. Nc3 Bb4 4. d3 d5 5. Bd2 O-O 6. Nxd5 Bxd2+ 7. Qxd2 Nxd5
8. exd5 Qxd5 9. Be2 c6 10. O-O h6 11. Qb4 Na6 12. Qe7 f6 13. Nh4 Qe6 14. Ng6
Re8 15. Qa3 Bd7 16. Bh5 Kh7 17. f4 Qd5 18. Kh1 Qc5 19. Qb3 Qb4 20. fxe5 Qxb3
21. axb3 fxe5 22. Rae1 Nb4 23. Nxe5 Re7 24. Bg6+ Kg8 25. c3 Nd5 26. Bf7+ Rxf7
27. Rxf7 Be6 28. Rxb7 Nf4 29. Nxc6 Rf8 30. h3 Kh7 31. c4 Bc8 32. Rxa7 Nxd3 33.
Ree7 Kg6 34. Rxg7+ Kh5 35. Nd4 Rf1+ 36. Kh2 Nf2 37. Ra5+ Kh4 38. g3# 1-0

[Event "Mechanics' Winter TNM; 30/90, SD/30"]
[Site "San Francisco"]
[Date "2015.02.17"]
[Round "7.43"]
[White "Simpkins, Jerry"]
[Black "Stearman, Micah"]
[Result "1-0"]
[WhiteElo "1478"]
[BlackElo "935"]
[PlyCount "51"]
[EventDate "2015.??.??"]

1. e4 e5 2. Nf3 Nc6 3. Bc4 g6 4. c3 Bg7 5. d4 d6 6. O-O Nf6 7. dxe5 Nxe4 8.
Bxf7+ Kxf7 9. Qd5+ Ke8 10. Qxe4 Nxe5 11. Nxe5 Bxe5 12. f4 Rf8 13. fxe5 Bf5 14.
Qe2 dxe5 15. Qxe5+ Kf7 16. Bh6 Rg8 17. g4 c6 18. Na3 Qb6+ 19. Kh1 c5 20. Qd5+
Ke8 21. Qxg8+ Kd7 22. Qf7+ Kc8 23. Qe8+ Kc7 24. Bf4+ Qd6 25. Bxd6+ Kxd6 26.
Qxa8 1-0

[Event "Mechanics' Spring TNM; G/2"]
[Site "San Francisco"]
[Date "2015.03.17"]
[Round "1.17"]
[White "Simpkins, Jerry"]
[Black "Steger, Eric"]
[Result "0-1"]
[WhiteElo "1478"]
[BlackElo "1963"]
[Annotator "Donaldson"]
[PlyCount "92"]
[EventDate "2015.??.??"]

1. e4 e5 2. Nf3 Nc6 3. c3 Nf6 4. d4 exd4 5. e5 Nd5 6. cxd4 Bb4+ 7. Bd2 Bxd2+ 8.
Nbxd2 d6 9. Bc4 dxe5 10. dxe5 O-O 11. O-O Nb6 12. Bb3 Nd4 13. Ne4 Nxb3 14. Qxb3
Be6 15. Qc3 Nd5 16. Qc1 Qe7 17. Nfg5 h6 18. Nxe6 Qxe6 19. f4 b6 20. Qe1 Rfe8
21. Qg3 Qf5 22. Rae1 Rad8 23. Qh4 Qh7 24. g4 Nb4 25. f5 Rd4 26. g5 Red8 27.
gxh6 Qxh6 28. Qxh6 gxh6 29. Nf6+ Kg7 30. Re2 Nd5 31. Nh5+ Kh7 32. Rg2 Ne3 33.
Rg7+ Kh8 34. Re1 Nc2 35. Re2 Rd1+ 36. Kf2 Nd4 {Diagram [#]} 37. Rxf7 $1 Kg8 (
37... Nxe2 38. Nf6) 38. Rg7+ (38. e6) 38... Kh8 39. Rxc7 Nxf5 40. Nf6 Ng7 41.
e6 Rf8 42. Rf7 Rxf7 43. exf7 Rd8 {Diagram #} 44. Nh5 $4 (44. Ne8) 44... Rf8 45.
Re7 Nxh5 46. Re8 Kg7 0-1

[Event "Mechanics' Summer TNM; G/2"]
[Site "San Francisco"]
[Date "2015.06.30"]
[Round "6.5"]
[White "Smail, Benedict A"]
[Black "Andries, Craig"]
[Result "1-0"]
[WhiteElo "2257"]
[BlackElo "1913"]
[Annotator "Donaldson"]
[PlyCount "47"]
[EventDate "2015.??.??"]

1. d4 Nf6 2. c4 g6 3. Nc3 Bg7 4. Nf3 d6 5. Bg5 O-O 6. e3 c6 7. Be2 Nbd7 8. Qc2
Qc7 9. O-O a6 10. Rac1 Re8 11. Rfd1 Nf8 12. Nd2 h6 13. Bh4 Bd7 14. a3 N8h7 15.
b4 e5 16. dxe5 dxe5 17. Bg3 Re7 18. c5 Be6 19. Nc4 Bxc4 20. Bxc4 Nf8 21. Bh4 g5
22. Bg3 Nh5 23. Ne4 Kh8 24. Nd6 {
Remaining moves unavailable. White has a crushing positional advantage.} 1-0

[Event "Mechanics' Summer TNM; G/2"]
[Site "San Francisco"]
[Date "2015.07.14"]
[Round "8.4"]
[White "Smail, Benedict A"]
[Black "Maser, Thomas F"]
[Result "1-0"]
[WhiteElo "2257"]
[BlackElo "1900"]
[PlyCount "57"]
[EventDate "2015.??.??"]

1. d4 Nf6 2. c4 e6 3. Nc3 Bb4 4. Qc2 O-O 5. e3 d5 6. a3 Bxc3+ 7. Qxc3 b6 8. Be2
Bb7 9. Nf3 Nbd7 10. O-O c5 11. b4 Rc8 12. dxc5 bxc5 13. b5 Ne4 14. Qc2 Ng5 15.
Bb2 d4 16. exd4 Bxf3 17. Bxf3 Nxf3+ 18. gxf3 Qg5+ 19. Kh1 Qf4 20. Qe4 Qd2 21.
Rab1 Nf6 22. Qe3 Qxe3 23. fxe3 cxd4 24. Bxd4 Rc7 25. Rfc1 Rfc8 26. c5 e5 27.
Bxe5 Rxc5 28. Rxc5 Rxc5 29. Bb8 1-0

[Event "Mechanics' Summer TNM; G/2"]
[Site "San Francisco"]
[Date "2015.06.16"]
[Round "4.16"]
[White "Smail, Benedict A"]
[Black "Paquette, James"]
[Result "1-0"]
[WhiteElo "2257"]
[BlackElo "1456"]
[PlyCount "33"]
[EventDate "2015.??.??"]

1. d4 g6 2. e4 Bg7 3. Nc3 c5 4. dxc5 Qa5 5. Bd2 Qxc5 6. Nd5 e6 7. Bb4 Qd4 8.
Qxd4 Bxd4 9. Nc7+ Kd8 10. Nxa8 Nf6 11. c3 Nc6 12. Bd6 Nxe4 13. Bc7+ Ke7 14.
cxd4 Nxd4 15. Bd3 f5 16. Be5 Nc5 17. O-O-O 1-0

[Event "Mechanics' Fall TNM; G/2"]
[Site "San Francisco"]
[Date "2015.11.17"]
[Round "5.23"]
[White "Smith, David A"]
[Black "Acharya, Venkatagiri"]
[Result "0-1"]
[WhiteElo "1449"]
[BlackElo "1686"]
[PlyCount "62"]
[EventDate "2015.??.??"]

1. c4 g6 2. Nc3 Bg7 3. Nf3 Nf6 4. d4 d5 5. e3 O-O 6. Qc2 b6 7. b4 Bf5 8. Bd3
Bxd3 9. Qxd3 c6 10. O-O e6 11. a4 Nbd7 12. Bb2 a6 13. Rac1 Rb8 14. cxd5 cxd5
15. Qxa6 Ne8 16. Qd3 Nd6 17. Nd2 f5 18. Nb5 Ne4 19. f3 Nxd2 20. Qxd2 Bh6 21. f4
Nf6 22. Nc3 Rf7 23. Rc2 Ne4 24. Nxe4 fxe4 25. g3 g5 26. Rfc1 Rg7 27. Kf1 gxf4
28. gxf4 Qh4 29. Rd1 Qh3+ 30. Ke1 Rg1+ 31. Ke2 Rg2+ 0-1

[Event "Mechanics' Fall TNM; G/2"]
[Site "San Francisco"]
[Date "2015.10.20"]
[Round "1.19"]
[White "Smith, David A"]
[Black "Anderson, Michael"]
[Result "1-0"]
[WhiteElo "1449"]
[BlackElo "1986"]
[PlyCount "85"]
[EventDate "2015.??.??"]

1. c4 e5 2. Nc3 Nc6 3. g3 Bc5 4. Bg2 d6 5. a3 a6 6. b4 Ba7 7. e3 Nf6 8. Nge2
O-O 9. O-O Bf5 10. d3 Qd7 11. Nd5 Nxd5 12. cxd5 Ne7 13. e4 Bh3 14. Be3 Bxg2 15.
Kxg2 Bxe3 16. fxe3 f5 17. Qc2 fxe4 18. dxe4 Qg4 19. Ng1 Qg6 20. Qd3 c6 21. dxc6
bxc6 22. Nf3 Qh6 23. Rad1 Rf6 24. Nh4 d5 25. Nf3 Nf5 26. exf5 e4 27. Qe2 exf3+
28. Rxf3 Re8 29. Rdf1 Re5 30. Rf4 g5 31. fxg6 Rxf4 32. gxh7+ Kxh7 33. Rxf4 Rh5
34. Qxh5 Qxh5 35. Rh4 Qxh4 36. gxh4 Kh6 37. Kg3 Kh5 38. h3 Kg6 39. Kf4 Kf6 40.
h5 Ke6 41. h6 Kf6 42. h7 Kg7 43. Ke5 1-0

[Event "Mechanics' Leighton Allen TNM; G/2"]
[Site "San Francisco"]
[Date "2015.09.22"]
[Round "8.32"]
[White "Smith, David A"]
[Black "Erdenebileg, Erkhes"]
[Result "0-1"]
[WhiteElo "1449"]
[BlackElo "847"]
[PlyCount "86"]
[EventDate "2015.??.??"]

1. c4 c5 2. Nc3 Nc6 3. g3 e6 4. Bg2 Nge7 5. e4 g6 6. Nb5 d6 7. Ne2 e5 8. O-O
Bg7 9. f4 a6 10. Nbc3 Bg4 11. h3 Be6 12. d3 O-O 13. Nd5 b5 14. f5 gxf5 15.
Nxe7+ Nxe7 16. exf5 Bxf5 17. Bxa8 Qxa8 18. Bg5 Bxh3 19. Rf2 Nf5 20. Kh2 Bg4 21.
Qf1 f6 22. Bd2 bxc4 23. Rxf5 Bxf5 24. Qxf5 Qd5 25. Nf4 Qd4 26. Bc3 Qf2+ 27. Kh1
exf4 28. gxf4 Qf3+ 29. Kg1 cxd3 30. Rf1 Qe3+ 31. Kg2 d2 32. Qd5+ Kh8 33. Bxd2
Qd4 34. Qxd4 cxd4 35. f5 Re8 36. Kf3 Re5 37. Rc1 Bf8 38. Rc8 Kg7 39. Rd8 Rxf5+
40. Ke4 Re5+ 41. Kxd4 Re2 42. Bf4 Re6 43. b4 h5 {
Both players quit recording here. Black won.} 0-1

[Event "Mechanics' Fall TNM; G/2"]
[Site "San Francisco"]
[Date "2015.12.08"]
[Round "8.29"]
[White "Smith, David A"]
[Black "Nyangar, Enkhmaa"]
[Result "1-0"]
[WhiteElo "1449"]
[BlackElo "1671"]
[PlyCount "69"]
[EventDate "2015.??.??"]

1. c4 e5 2. Nc3 Nf6 3. d3 Nc6 4. Nf3 d5 5. cxd5 Nxd5 6. a3 Bc5 7. e3 O-O 8. Be2
a6 9. O-O b5 10. Bd2 Bb7 11. Rc1 Bb6 12. Qb3 Na5 13. Qa2 Nxc3 14. bxc3 e4 15.
dxe4 Bxe4 16. Rfd1 Bd5 17. Qb2 Nb3 18. Rc2 Qf6 19. c4 bxc4 20. Qxf6 gxf6 21.
Bb4 Rfd8 22. Nd2 Rab8 23. h3 Kg7 24. Nxc4 a5 25. Bc3 Be4 26. Rb2 a4 27. Nd2 Bc5
28. Nxe4 Bxa3 29. Rxd8 Rxd8 30. Ra2 Nc1 31. Bxf6+ Kg6 32. Rxa3 Rf8 33. Bf3 c5
34. Rxa4 Nd3 35. Rc4 1-0

[Event "Mechanics' Fall TNM; G/2"]
[Site "San Francisco"]
[Date "2015.11.03"]
[Round "3.23"]
[White "Smith, David A"]
[Black "Wong, Russell"]
[Result "1-0"]
[WhiteElo "1449"]
[BlackElo "2200"]
[Annotator "Donaldson"]
[PlyCount "99"]
[EventDate "2015.??.??"]

1. c4 Nf6 2. Nc3 g6 3. Nf3 Bg7 4. d4 c5 5. e3 a6 6. Be2 O-O 7. O-O Qc7 8. a3 d6
9. Qc2 Nc6 10. d5 Na7 11. b3 b5 12. Bb2 Bd7 13. e4 Rfb8 14. Ra2 Rb6 15. Nd1
Rab8 16. e5 Bf5 17. Bd3 bxc4 18. bxc4 Bxd3 19. Qxd3 Rb3 20. Qc2 Ng4 21. Nd2
R3b6 22. exd6 Qxd6 23. Nf3 Rb3 24. h3 Nf6 $4 (24... Bxb2 $11) 25. Be5 Qb6 26.
Bxb8 Qxb8 27. Ne3 Nh5 28. Nd2 Rc3 29. Rb1 Qc7 30. Qb2 Nc8 31. Qb8 Qd7 32. Rb7
Rc1+ 33. Nef1 Qf5 34. Rxe7 Bd4 35. Nf3 Kg7 36. Nxd4 Rxf1+ 37. Kxf1 Qd3+ 38.
Ree2 cxd4 39. Qe5+ Nf6 40. Rad2 Qxa3 41. Qxd4 Nd6 42. c5 Nb5 43. Qc4 Nc3 44.
Re1 Nfe4 45. Rxe4 Qc1+ 46. Re1 Qxd2 47. d6 f5 48. d7 Ne4 49. Qe2 Qxd7 50. Qb2+
1-0

[Event "Mechanics' Spring TNM; G/2"]
[Site "San Francisco"]
[Date "2015.05.05"]
[Round "8.20"]
[White "Smith, Mahlon"]
[Black "Allen, Tom"]
[Result "1-0"]
[WhiteElo "2121"]
[BlackElo "1565"]
[PlyCount "69"]
[EventDate "2015.??.??"]

1. e4 e5 2. Qh5 d6 3. Bc4 Qe7 4. d3 Nf6 5. Qh4 Be6 6. Bg5 Bxc4 7. dxc4 Qe6 8.
Bxf6 gxf6 9. Nc3 c6 10. Qh3 Nd7 11. Qxe6+ fxe6 12. Nf3 Rg8 13. O-O f5 14. Rfe1
f4 15. Rab1 O-O-O 16. b4 Nb8 17. a4 Rd7 18. Red1 Rdg7 19. Ne1 Nd7 20. a5 Nf6
21. f3 Be7 22. Rd2 Ne8 23. Nd3 Bd8 24. c5 Bc7 25. cxd6 Bxd6 26. Na4 Rd7 27.
Rbd1 Nf6 28. Ndc5 Bxc5+ 29. Nxc5 Rxd2 30. Rxd2 Re8 31. Rd6 Kc7 32. Rxe6 Rxe6
33. Nxe6+ Kd6 34. Ng5 c5 35. Nf7+ 1-0

[Event "Mechanics' Winter TNM; 30/90, SD/30"]
[Site "San Francisco"]
[Date "2015.02.24"]
[Round "8.9"]
[White "Smith, Mahlon A"]
[Black "Chea, Na"]
[Result "1/2-1/2"]
[WhiteElo "2121"]
[BlackElo "1850"]
[PlyCount "109"]
[EventDate "2015.??.??"]

1. e4 c6 2. d4 d5 3. exd5 cxd5 4. c4 Nf6 5. Nc3 Bf5 6. Nf3 e6 7. Bd3 Bxd3 8.
Qxd3 Be7 9. O-O O-O 10. c5 b6 11. b4 a5 12. Na4 bxc5 13. bxc5 Qc7 14. Bg5 h6
15. Bh4 Ne4 16. Nb6 Ra7 17. Bxe7 Qxe7 18. Ne5 Qc7 19. Qb5 f6 20. Ng6 Rd8 21. f3
Ng5 22. Rfe1 Nc6 23. Rad1 Kf7 24. Qb1 Rb7 25. Qd3 Nxd4 26. Qxd4 Kxg6 27. Nc4
Rb4 28. Qd3+ Kf7 29. Nd6+ Kg8 30. Rc1 Nf7 31. Nb5 Qb7 32. Nd4 e5 33. Nf5 e4 34.
Qe3 Ne5 35. Nd6 Qc6 36. fxe4 dxe4 37. Nxe4 Nd3 38. Rcd1 Rbd4 39. Nf2 Nf4 40.
Qf3 Qxf3 41. gxf3 Rxd1 42. Rxd1 Rxd1+ 43. Nxd1 Kf8 44. Nb2 Ne2+ 45. Kf2 Nd4 46.
Ke3 Nc6 47. Ke4 Ke7 48. Kd5 Kd7 49. a3 Ne5 50. f4 Nf7 51. h4 g5 52. fxg5 fxg5
53. hxg5 hxg5 54. Kd4 g4 55. Ke3 1/2-1/2

[Event "Mechanics' Winter TNM; 30/90, SD/30"]
[Site "San Francisco"]
[Date "2015.01.20"]
[Round "3.14"]
[White "Smith, Mahlon A"]
[Black "Cohee, James"]
[Result "1/2-1/2"]
[WhiteElo "2121"]
[BlackElo "1660"]
[PlyCount "70"]
[EventDate "2015.??.??"]

1. e4 e5 2. Qh5 Nc6 3. Bc4 Qf6 4. Ne2 g6 5. Qf3 Qxf3 6. gxf3 Bh6 7. Nbc3 Nge7
8. d3 Bxc1 9. Rxc1 a6 10. f4 d6 11. h4 Be6 12. Nd5 Bxd5 13. exd5 Na5 14. a4
Nxc4 15. dxc4 O-O-O 16. fxe5 dxe5 17. Nc3 f5 18. b4 c6 19. Rd1 cxd5 20. Nxd5
Nxd5 21. cxd5 Rd6 22. a5 b5 23. axb6 Rxb6 24. Rb1 Kd7 25. Kd2 Rc8 26. c3 Kd6
27. Kc2 Kxd5 28. f3 Rbc6 29. Rb3 Rc4 30. Ra1 R8c6 31. Ra5+ Ke6 32. Rba3 Rxb4
33. Rxa6 Rbc4 34. Rxc6+ Rxc6 35. Ra7 h6 1/2-1/2

[Event "Mechanics' Winter TNM; 30/90, SD/30"]
[Site "San Francisco"]
[Date "2015.01.06"]
[Round "1.11"]
[White "Smith, Mahlon A"]
[Black "Furukawa, Jon"]
[Result "1-0"]
[WhiteElo "2121"]
[BlackElo "1627"]
[PlyCount "101"]
[EventDate "2015.??.??"]

1. e4 e5 2. Qh5 d6 3. Bc4 Qe7 4. Ne2 Nf6 5. Qf3 Nc6 6. h3 Bd7 7. O-O O-O-O 8.
d3 Na5 9. Bb3 Be6 10. Bg5 h6 11. Bxf6 gxf6 12. Ng3 Nc6 13. c3 Kb8 14. Nh5 Bxb3
15. axb3 Qe6 16. Nd2 d5 17. Nxf6 Ne7 18. exd5 Nxd5 19. Nxd5 Qxd5 20. Qxd5 Rxd5
21. Nf3 Bg7 22. Rfd1 Rhd8 23. Ne1 e4 24. Kf1 exd3 25. Rd2 Be5 26. Rad1 Bf4 27.
Rxd3 Rxd3 28. Rxd3 Rxd3 29. Nxd3 Bd6 30. Ke2 a5 31. Kf3 Kc8 32. Kg4 Kd7 33. Kh5
Bf8 34. Ne5+ Ke6 35. Ng4 Bc5 36. Kxh6 f5 37. Ne3 b5 38. Kg6 f4 39. Ng4 b4 40.
Kg5 Bd6 41. f3 Bc5 42. Kxf4 bxc3 43. bxc3 Bf8 44. Nf2 Bg7 45. Ne4 Kd5 46. Ke3
c5 47. Kd3 c4+ 48. bxc4+ Kc6 49. g4 a4 50. g5 a3 51. Kc2 1-0

[Event "Mechanics' Winter TNM; 30/90, SD/30"]
[Site "San Francisco"]
[Date "2015.02.10"]
[Round "6.19"]
[White "Smith, Mahlon A"]
[Black "Poler, Sebastian"]
[Result "1-0"]
[WhiteElo "2121"]
[BlackElo "1506"]
[Annotator "Donaldson"]
[PlyCount "57"]
[EventDate "2015.??.??"]

1. e4 c6 2. d4 d5 3. exd5 cxd5 4. c4 Nc6 5. Nc3 e6 6. Nf3 Nf6 7. Bg5 Be7 8.
cxd5 exd5 9. Be2 h6 10. Bh4 Bg4 11. O-O O-O 12. Re1 Re8 13. Ne5 Bxe2 14. Rxe2
Rc8 15. Nxc6 Rxc6 16. Qd3 g5 17. Bg3 Bb4 18. Be5 Bxc3 19. bxc3 Qa5 20. Rae1
Rxc3 21. Qf5 Rc6 22. h4 (22. Bxf6 $4 Qxe1+) 22... Ne4 23. f3 Nc3 24. Re3 gxh4
25. Bf6 Rxe3 26. Rxe3 Rxf6 27. Qxf6 Qa4 28. Rxc3 Qd1+ 29. Kh2 1-0

[Event "Mechanics' Spring TNM; G/2"]
[Site "San Francisco"]
[Date "2015.04.14"]
[Round "5.3"]
[White "Smith III, Mahlon"]
[Black "Basak, Aniruddha"]
[Result "0-1"]
[WhiteElo "2121"]
[BlackElo "2039"]
[PlyCount "68"]
[EventDate "2015.??.??"]

1. Nf3 c5 2. b3 Nf6 3. Bb2 d5 4. e3 Nc6 5. d3 Bf5 6. Nbd2 e6 7. Be2 Be7 8. a3
h6 9. c4 dxc4 10. Nxc4 O-O 11. O-O Rc8 12. Ra2 b5 13. Nce5 Nxe5 14. Nxe5 Nd7
15. Qa1 Nxe5 16. Bxe5 f6 17. Bc3 e5 18. Rd1 Be6 19. Rb2 a5 20. a4 b4 21. Be1
Qd7 22. Qb1 Rfd8 23. Rbd2 Qe8 24. Qb2 f5 25. f3 Qf7 26. Rb1 Bf6 27. e4 Bg5 28.
Rc2 Be3+ 29. Bf2 Bd4 30. Bxd4 cxd4 31. Bd1 Rc3 32. Rxc3 dxc3 33. Qe2 fxe4 34.
fxe4 Rf8 0-1

[Event "Mechanics' Spring TNM; G/2"]
[Site "San Francisco"]
[Date "2015.03.24"]
[Round "2.11"]
[White "Smith III, Mahlon"]
[Black "Campers, Willie"]
[Result "1/2-1/2"]
[WhiteElo "2121"]
[BlackElo "1727"]
[PlyCount "111"]
[EventDate "2015.??.??"]

1. e4 e6 2. c4 c5 3. Nf3 Nc6 4. Nc3 a6 5. d4 cxd4 6. Nxd4 Bc5 7. Nc2 Qf6 8. Be3
Bxe3 9. Nxe3 Nh6 10. Be2 O-O 11. Qd6 Rd8 12. Rd1 Qe5 13. O-O f6 14. Ng4 Nxg4
15. Bxg4 Qxd6 16. Rxd6 Kf7 17. Rfd1 Ke7 18. b4 g6 19. b5 axb5 20. cxb5 f5 21.
bxc6 fxg4 22. c7 Rf8 23. Rb6 Ra3 24. Rd3 Ra5 25. Kf1 Rc5 26. Nb5 Rc1+ 27. Ke2
Rc2+ 28. Ke3 Rfxf2 29. Nd6 Rfe2+ 30. Kf4 Rxc7 31. Nxc8+ Rxc8 32. Rxb7 Rd8 33.
a4 Rxg2 34. Ra3 Rf8+ 35. Kg5 Re2 36. Rb4 Rxh2 37. Kxg4 h5+ 38. Kg5 Rg2+ 39. Kh6
h4 40. Kg7 g5 41. a5 Ra8 42. a6 h3 43. Rxh3 Rxa6 44. Rh7 Kd6 45. Kg6 Kc5 46.
Rb1 d5 47. exd5 exd5+ 48. Kf5 Ra4 49. Rf1 Re4 50. Rc7+ Kd6 51. Rc8 Kd7 52. Rh8
Re7 53. Rd1 Rf7+ 54. Kg6 Re7 55. Rxd5+ Ke6 56. Rxg5 1/2-1/2

[Event "Mechanics' Spring TNM; G/2"]
[Site "San Francisco"]
[Date "2015.04.07"]
[Round "4.6"]
[White "Smith III, Mahlon"]
[Black "Poling, Scott"]
[Result "1-0"]
[WhiteElo "2121"]
[BlackElo "1895"]
[PlyCount "149"]
[EventDate "2015.??.??"]

1. Nf3 d5 2. b3 Nf6 3. e3 Bg4 4. Be2 e6 5. Bb2 Be7 6. d3 O-O 7. Nbd2 c5 8. c4
Nc6 9. a3 a6 10. O-O b5 11. h3 Bh5 12. Ne5 Nxe5 13. Bxe5 Bxe2 14. Qxe2 Nd7 15.
Bb2 Bf6 16. Nf3 Rb8 17. cxd5 exd5 18. Rac1 Qe7 19. Qd2 Rfc8 20. Bxf6 Qxf6 21.
Qc3 Qxc3 22. Rxc3 b4 23. axb4 cxb4 24. Rxc8+ Rxc8 25. Ra1 Rc3 26. Rxa6 Rxb3 27.
Ne5 Ra3 28. Rd6 Nf8 29. Rxd5 f6 30. Nc4 Rc3 31. Rb5 Rxd3 32. Rxb4 Kf7 33. Rb7+
Kg6 34. Kf1 Ne6 35. Ke2 Rc3 36. Nd2 Rc2 37. h4 h5 38. g3 Ra2 39. Rb5 Nc7 40.
Rc5 Ne6 41. Rc4 f5 42. Kd3 Kf6 43. Rc2 Ra3+ 44. Ke2 g6 45. Nf3 g5 46. Rc6 gxh4
47. gxh4 Ra2+ 48. Kf1 Kf7 49. Ng5+ Nxg5 50. hxg5 Ra5 51. Rf6+ Kg7 52. Kg2 Ra4
53. f4 Ra2+ 54. Kg3 Re2 55. Re6 Re1 56. Re5 Kg6 57. Kf2 Rh1 58. Re6+ Kg7 59.
Rh6 Rh4 60. Kg3 Rh1 61. Kg2 Rh4 62. Rf6 Rg4+ 63. Kh3 Rg1 64. Rxf5 Re1 65. Re5
Kg6 66. Kg3 Rg1+ 67. Kf2 Rg4 68. Kf3 Rg1 69. e4 h4 70. Re6+ Kg7 71. Rh6 Rg3+
72. Kf2 Rg4 73. Ke3 Rg3+ 74. Kd4 Rf3 75. Rxh4 1-0

[Event "Mechanics' Summer TNM; G/2"]
[Site "San Francisco"]
[Date "2015.06.02"]
[Round "2.30"]
[White "Sorensen, Matthew"]
[Black "McKellar, Daniel"]
[Result "1/2-1/2"]
[WhiteElo "1497"]
[BlackElo "1642"]
[PlyCount "140"]
[EventDate "2015.??.??"]

1. e4 e6 2. d4 d5 3. Nc3 dxe4 4. Nxe4 Bd7 5. Be3 Bc6 6. Nc3 Nf6 7. Bb5 Bb4 8.
Bxc6+ Nxc6 9. Nge2 Nd5 10. Bd2 O-O 11. O-O Nxc3 12. Bxc3 Bd6 13. Ng3 Qh4 14. d5
exd5 15. Qxd5 Rad8 16. Qf3 Ne5 17. Qe4 Qxe4 18. Nxe4 Rfe8 19. Nxd6 Rxd6 20.
Rfe1 Rde6 21. Rad1 f6 22. f4 Nc6 23. Rxe6 Rxe6 24. Kf2 Kf7 25. b4 Rd6 26. Rxd6
cxd6 27. Kf3 f5 28. Ke3 b5 29. Kd3 g6 30. Bd2 d5 31. a3 Ke6 32. Be3 a5 33. Kc3
a4 34. Kd3 Kd6 35. c3 Ke6 36. Bc5 Kf6 37. Ke3 Ke6 38. h3 h5 39. g3 Kf6 40. Kf3
Nd8 41. Bb6 Ne6 42. Ke3 Kf7 43. Bd4 Ke7 44. Be5 Kf7 45. Kf3 Nd8 46. g4 hxg4+
47. hxg4 Ne6 48. gxf5 gxf5 49. Kg3 Kg6 50. Kh4 Nd8 51. Bc7 Ne6 52. Be5 Nd8 53.
Bd4 Ne6 54. Be3 Nd8 55. Kg3 Kh5 56. Bb6 Ne6 57. Be3 Nd8 58. Kf3 Ne6 59. Bf2 Kg6
60. Be3 Kh5 61. Bc5 Kh4 62. Ke3 Kg4 63. Bd6 Kg3 64. Be5 Kg4 65. Bb8 Kh5 66. Ba7
Kg4 67. Bb8 Kh5 68. Bd6 Kg4 69. Be5 Kh5 70. Bd4 Kg4 1/2-1/2

[Event "Mechanics' Summer TNM; G/2"]
[Site "San Francisco"]
[Date "2015.07.07"]
[Round "7.23"]
[White "Sorensen, Matthew"]
[Black "Melville, Cailen"]
[Result "0-1"]
[WhiteElo "1497"]
[BlackElo "1783"]
[Annotator "Donaldson"]
[PlyCount "56"]
[EventDate "2015.??.??"]

1. e4 e6 2. d4 d5 3. Nc3 dxe4 4. Nxe4 b6 5. Nf3 Bb7 6. Bd3 Nd7 7. O-O Ngf6 8.
Re1 Be7 9. Ne5 $2 Nxe5 10. dxe5 $4 (10. Nxf6+) 10... Nxe4 11. Qg4 Nc5 12. Qxg7
Kd7 13. Bxh7 Qf8 14. Rd1+ Ke8 15. Qxf8+ Kxf8 16. Bd3 Nxd3 17. Rxd3 Be4 18. Rc3
c5 19. Bf4 Rd8 20. Re1 Rd4 21. Be3 Rd5 22. Bf4 Rg8 23. f3 Bh7 24. Ra3 a5 25.
Rb3 c4 26. Rxb6 Bc5+ 27. Be3 Bxb6 28. Bxb6 Bxc2 {and Black soon won.} 0-1

[Event "Mechanics' Fall TNM; G/2"]
[Site "San Francisco"]
[Date "2015.11.24"]
[Round "6.24"]
[White "Standen, Julian"]
[Black "Allen, Tom Carter"]
[Result "1-0"]
[WhiteElo "1674"]
[BlackElo "1560"]
[Annotator "Donaldson"]
[PlyCount "69"]
[EventDate "2015.??.??"]

1. d4 d5 2. Nf3 Nc6 3. Bf4 Nf6 4. e3 Bg4 5. c4 e6 6. Be2 (6. Nc3 Bd6 7. Bg5)
6... Bd6 7. Bxd6 Qxd6 8. O-O O-O 9. Nc3 dxc4 10. Bxc4 a6 11. a3 Rad8 12. Be2
Ne7 (12... e5 13. dxe5 Qe6 $11) 13. Ne5 Bxe2 14. Qxe2 Ned5 (14... c5) 15. Nxd5
(15. Rac1) 15... exd5 16. b4 c6 17. Qc2 Nd7 18. Nxd7 (18. Nd3) 18... Rxd7 19.
Qf5 Qe6 20. Qxe6 fxe6 21. f4 Rdf7 22. g4 h6 23. h4 g5 24. hxg5 hxg5 25. fxg5
Kg7 26. Rxf7+ Rxf7 27. Rf1 Rxf1+ $4 (27... Re7 28. Rf6 e5) 28. Kxf1 Kg6 29. Kf2
Kxg5 30. Kg3 b6 31. Kf3 b5 32. Kg3 Kg6 33. Kf4 Kf6 34. g5+ Kg6 35. Ke5 1-0

[Event "Mechanics' Fall TNM; G/2"]
[Site "San Francisco"]
[Date "2015.12.08"]
[Round "8.23"]
[White "Standen, Julian"]
[Black "Bhattacharjee, Shiva"]
[Result "1-0"]
[WhiteElo "1674"]
[BlackElo "1355"]
[Annotator "Donaldson"]
[PlyCount "59"]
[EventDate "2015.??.??"]

1. d4 Nf6 2. Nf3 g6 3. Bg5 h6 4. Bf4 g5 5. Be5 Nc6 6. Bxf6 exf6 7. e4 Qe7 8.
Bd3 Qb4+ 9. Nbd2 d6 10. O-O Bg4 11. Nb3 O-O-O 12. c3 Qb6 13. Rb1 Ne7 14. Nbd2
d5 15. Qc2 Be6 16. e5 fxe5 17. Nxe5 f6 18. Ng6 Nxg6 19. Bxg6 h5 20. b4 Bd6 21.
a4 a6 22. a5 Qc6 23. Bd3 Qd7 24. b5 axb5 25. Bxb5 c6 26. Bd3 Qc7 (26... Rde8)
27. Rb6 $1 Bxh2+ 28. Kh1 Qf4 (28... Bf4 29. Rfb1) 29. Nf3 h4 30. Nxh2 {
and White won in a few moves.} 1-0